000
00252nam a2200097Ia 4500
008
220204s9999 xx 000 0 und d
082
_a
66(058)
_b
IND
245
0
_a
Indian business directory
260
_a
Delhi
_b
Intl Chamber of Commerce
_c
1972
942
_c
BK
999
_c
22375
_d
22375